00347nam a22001217a 450000500170000000800410001704000130005808200200007110000270009124500520011826000440017030000110021420260430114809.0170816b xxu||||| |||| 00| 0 eng d cPK-LaUMT aZIAC 297bABU-T1 aMaududi, Syed Abul Ala aTowards understanding Islam /cAbul Ala Maududi aLahore:bIdara Tarjuman ul Quran,c1985 a179 p.